000 00451nam a2200181Ia 4500
001 11216
005 20260306161930.0
008 260306t1978||||xx |||||||||||||| ||spa||
041 _aESP
082 _a985.019
_bI24
100 _aGrasso, Ibarra Dick Edgar [1914-2000]
_eAUT
245 0 _aLa verdadera historia de los incas
260 _c1978
300 _a647 páginas :
_c18 cm.
650 _aGEN
654 _aCHU
942 _cLIB
_dJUS
_fJUS
_2ddc
_n
999 _c11216
_d11216